00469nam a2200169 a 4500001001300000003000900013005001700022008004100039020002300080082001800103100002200121245005400143260004000197300000900237500003500246650001800281nice12345678IN_TiNIC20260116014509.0090106s2007 dela grp 000 0 eng  a8187358327 c67500a341.7588bAGA aAgarwal, Manmohan aGlobalization and the Millenium Development Goals aDelhi bSocial Science Press c2007 a260p aincludes index and biblioraphy aGlobalization